[Event "Titled Tuesday intern op 27th Feb Late"]
[Site "Chess.com INT"]
[Date "2024.02.27"]
[Round "4"]
[White "Soto Vega, Jorge"]
[Black "Balla, Tamas Kristof"]
[Result "1-0"]
[WhiteElo "2354"]
[BlackElo "2283"]
[PlyCount "68"]
[EventDate "2024.02.27"]
[EventType "swiss (blitz)"]
[EventRounds "11"]
[EventCountry "USA"]
[SourceTitle "CB10_2024"]
[SourceDate "2024.03.06"]
[SourceVersion "1"]
[SourceVersionDate "2024.03.06"]
[SourceQuality "1"]

1. e4 c5 2. Nf3 Nc6 3. d4 cxd4 4. Nxd4 e5 5. Nb5 d6 6. c4 Be7 7. Be3 f5 8. exf5 Bxf5 9. Bd3 Be6 10. 0-0 Nf6 11. N1c3 a6 12. Na3 0-0 13. Ne4 Rc8 14. Ng5 Qd7 15. Nxe6 Qxe6 16. Re1 Ng4 17. Bb6 Bd8 18. Be4 Kh8 19. Bxd8 Rcxd8 20. Bd5 Qf5 21. f3 Nf6 22. Nc2 Nh5 23. Ne3 Qg5 24. Be4 Nf4 25. g3 Nd4 26. Kh1 Nh5 27. Nf1 Rf6 28. f4 exf4 29. Qxd4 fxg3 30. Qe3 Qh4 31. Nxg3 Rdf8 32. Nxh5 Qxh5 33. Bg2 Qa5 34. Qc3 h6 1-0

[Event "Titled Tuesday intern op 13th Feb Late"]
[Site "Chess.com INT"]
[Date "2024.02.13"]
[Round "2"]
[White "Durarbayli, Vasif"]
[Black "Soto Vega, Jorge"]
[Result "1-0"]
[WhiteElo "2627"]
[BlackElo "2354"]
[PlyCount "113"]
[EventDate "2024.02.13"]
[EventType "swiss (blitz)"]
[EventRounds "11"]
[EventCountry "USA"]
[SourceTitle "CB08_2024"]
[SourceDate "2024.02.21"]
[SourceVersion "1"]
[SourceVersionDate "2024.02.21"]
[SourceQuality "1"]

1. c4 Nf6 2. Nc3 e5 3. g3 Bc5 4. Bg2 0-0 5. e3 Re8 6. Nge2 Nc6 7. 0-0 d6 8. d4 Bb6 9. h3 Bf5 10. d5 Ne7 11. e4 Bd7 12. Kh2 Ng6 13. Qd3 h5 14. f4 h4 15. f5 hxg3+ 16. Qxg3 Nf8 17. Bf3 Kh8 18. Bg5 N8h7 19. Bh4 Rg8 20. Bg4 a5 21. Kh1 Qf8 22. Ng1 Nxg4 23. Qxg4 g5 24. Bf2 Nf6 25. Qg3 Bxf2 26. Rxf2 Qh6 27. Rh2 Rg7 28. Nf3 Rag8 29. Rg1 Nh5 30. Qg4 Nf6 31. Qg3 Nh5 32. Qg4 Nf6 33. Qg2 Qh5 34. Qe2 Rh7 35. Nd1 Bc8 36. Nf2 c6 37. Ng4 Ne8 38. Qf2 cxd5 39. cxd5 f6 40. h4 gxh4 41. Rxh4 Qf7 42. Rg2 Rxh4+ 43. Nxh4 Rg5 44. Rh2 Kg7 45. Qf3 Qh5 46. Ne3 Qxf3+ 47. Nxf3 Rg3 48. Rf2 Kf7 49. Kh2 Rg7 50. Rc2 Bd7 51. Nh4 Rh7 52. Kg3 Ke7 53. Ng4 Kd8 54. Rc3 b5 55. Rc2 b4 56. Rc1 Rg7 57. Ng6 1-0

[Event "Titled Tuesday intern op 13th Feb Late"]
[Site "Chess.com INT"]
[Date "2024.02.13"]
[Round "9"]
[White "Hoffmann, Asa"]
[Black "Soto Vega, Jorge"]
[Result "0-1"]
[WhiteElo "2185"]
[BlackElo "2354"]
[PlyCount "90"]
[EventDate "2024.02.13"]
[EventType "swiss (blitz)"]
[EventRounds "11"]
[EventCountry "USA"]
[SourceTitle "CB08_2024"]
[SourceDate "2024.02.21"]
[SourceVersion "1"]
[SourceVersionDate "2024.02.21"]
[SourceQuality "1"]

1. d4 Nf6 2. Bg5 Ne4 3. Bf4 c5 4. f3 Nf6 5. dxc5 Qa5+ 6. Nc3 Qxc5 7. e4 Nc6 8. Qd2 d6 9. Nb5 Qb6 10. Be3 Qd8 11. c4 a6 12. Nc3 g6 13. Rd1 Bg7 14. Nge2 0-0 15. Bh6 Rb8 16. Ng3 Be6 17. h4 Ne5 18. b3 Qa5 19. Bxg7 Kxg7 20. h5 b5 21. f4 Neg4 22. f5 bxc4 23. fxe6 Qe5 24. Rh3 fxe6 25. Be2 cxb3 26. axb3 Rxb3 27. Qd4 Rxc3 28. hxg6 Qxd4 29. Rxd4 Rc1+ 30. Kd2 Rfc8 31. Bd3 hxg6 32. Ne2 Ra1 33. Rf3 Ne5 34. Rg3 Ra2+ 35. Ke1 Nxd3+ 36. Rdxd3 Nxe4 37. Rg4 Nf6 38. Rg5 e5 39. Rdg3 Rcc2 40. Rxg6+ Kf7 41. Rg7+ Kf8 42. Nc3 Rxc3 43. Rxc3 Kxg7 44. Kf1 Nd5 45. Ra3 Rxa3 0-1

[Event "Pan American-ch Seniors 50"]
[Site "Lima"]
[Date "2023.04.28"]
[Round "5"]
[White "Soto Vega, Jorge"]
[Black "Ruiz Aguilar, Pablo Alexander"]
[Result "0-1"]
[WhiteElo "2363"]
[BlackElo "2161"]
[PlyCount "72"]
[EventDate "2023.04.26"]
[EventType "swiss"]
[EventRounds "9"]
[EventCountry "PER"]
[SourceTitle "CBM 214 Extra"]
[Source "ChessBase"]
[SourceDate "2023.07.31"]
[SourceVersion "1"]
[SourceVersionDate "2023.07.31"]
[SourceQuality "1"]

1. e4 c5 2. Nf3 e6 3. d4 cxd4 4. Nxd4 Nf6 5. Bd3 Nc6 6. Nxc6 bxc6 7. 0-0 e5 8. Nd2 Bc5 9. Nc4 Qe7 10. Kh1 d6 11. Be3 Bxe3 12. Nxe3 0-0 13. c4 Be6 14. Qe2 a5 15. Rad1 Rfd8 16. Rd2 Nd7 17. Bb1 Nc5 18. Rc1 Rab8 19. Rc3 Rb4 20. Ra3 a4 21. Rc3 Rdb8 22. Nd1 a3 23. Rxa3 Rxc4 24. Rc3 Rd4 25. b3 Rbb4 26. f3 Qb7 27. Ne3 Rxd2 28. Qxd2 Rd4 29. Qe1 f6 30. Kg1 Qb6 31. g3 Qb4 32. Nc2 Rd1 33. Qxd1 Qxc3 34. Qxd6 Kf7 35. Qd1 Nd3 36. Kg2 Bh3+ 0-1

[Event "Titled Tuesday intern op 01st Nov Late"]
[Site "Chess.com INT"]
[Date "2022.11.01"]
[Round "1"]
[White "Ibarra Jerez, Jose Carlos"]
[Black "Soto Vega, Jorge"]
[Result "1-0"]
[WhiteElo "2557"]
[BlackElo "2363"]
[PlyCount "43"]
[EventDate "2022.11.01"]
[EventType "swiss (blitz)"]
[EventRounds "11"]
[EventCountry "USA"]
[SourceTitle "EXT 2024"]
[Source "ChessBase"]
[SourceDate "2023.10.10"]
[SourceVersion "1"]
[SourceVersionDate "2023.10.10"]
[SourceQuality "1"]

1. e4 d5 2. exd5 Qxd5 3. Nc3 Qa5 4. d4 c6 5. Bd2 Qb6 6. Nf3 Bg4 7. Bc4 e6 8. h3 Bxf3 9. Qxf3 Qxd4 10. Bb3 Nd7 11. 0-0-0 Nc5 12. Be3 Nxb3+ 13. axb3 Qe5 14. Rhe1 Nf6 15. Kb1 Qa5 16. Bd4 Be7 17. Re5 Qc7 18. Rg5 Kf8 19. Be5 Qc8 20. Rxg7 Kxg7 21. Ne4 Kf8 22. Nxf6 1-0

[Event "Titled Tuesday intern op 01st Nov Late"]
[Site "Chess.com INT"]
[Date "2022.11.01"]
[Round "4"]
[White "Romero Ruscalleda, Josep"]
[Black "Soto Vega, Jorge"]
[Result "0-1"]
[WhiteElo "2193"]
[BlackElo "2363"]
[PlyCount "74"]
[EventDate "2022.11.01"]
[EventType "swiss (blitz)"]
[EventRounds "11"]
[EventCountry "USA"]
[SourceTitle "EXT 2024"]
[Source "ChessBase"]
[SourceDate "2023.10.10"]
[SourceVersion "1"]
[SourceVersionDate "2023.10.10"]
[SourceQuality "1"]

1. e4 d5 2. exd5 Qxd5 3. Nc3 Qa5 4. Bc4 Nf6 5. d3 c6 6. Nf3 Bg4 7. 0-0 Nbd7 8. Bd2 Qc7 9. h3 Bh5 10. Re1 e6 11. Ne4 Be7 12. Ng3 Bg6 13. Bg5 0-0 14. Qd2 b5 15. Bb3 a5 16. a4 Nc5 17. Bf4 Nxb3 18. Bxc7 Nxd2 19. Nxd2 Nd5 20. Be5 f6 21. Bd4 e5 22. Bc3 b4 23. d4 bxc3 24. bxc3 exd4 25. c4 Bb4 26. cxd5 Bxd2 27. Re7 cxd5 28. f4 Bc3 29. Rf1 Bxc2 30. f5 Bxa4 31. Rb1 Rf7 32. Rbb7 Rxe7 33. Rxe7 d3 34. Nh5 d2 35. Rxg7+ Kh8 36. Nxf6 d1Q+ 37. Kh2 Bxf6 0-1

[Event "Titled Tuesday intern op 11th Oct Early"]
[Site "Chess.com INT"]
[Date "2022.10.11"]
[Round "5"]
[White "Soto Vega, Jorge"]
[Black "Matinian, Nikita"]
[Result "1-0"]
[WhiteElo "2363"]
[BlackElo "2425"]
[PlyCount "95"]
[EventDate "2022.10.11"]
[EventType "swiss (blitz)"]
[EventRounds "11"]
[EventCountry "USA"]
[SourceTitle "EXT 2024"]
[Source "ChessBase"]
[SourceDate "2023.10.10"]
[SourceVersion "1"]
[SourceVersionDate "2023.10.10"]
[SourceQuality "1"]

1. e4 c5 2. Nf3 d6 3. d4 cxd4 4. Nxd4 Nf6 5. f3 Nc6 6. c4 g6 7. Nc2 Bg7 8. Nc3 0-0 9. Be3 Nd7 10. Qd2 f5 11. exf5 gxf5 12. Be2 Nde5 13. 0-0 Be6 14. Nd5 Kh8 15. Rad1 Rc8 16. b3 Bg8 17. Rfe1 Ng6 18. Bg5 Qd7 19. Be3 b6 20. Bf1 Nce5 21. Bh6 f4 22. Bxg7+ Kxg7 23. Re4 Bxd5 24. Qxd5 Rc5 25. Qd2 a5 26. Nd4 Kh8 27. Ne2 Qf5 28. Nc3 Qg5 29. Kh1 Nh4 30. Qf2 Nf5 31. Nd5 Rxd5 32. Rxd5 Ng3+ 33. hxg3 fxg3 34. Qd4 Rf6 35. Kg1 Qc1 36. f4 Kg8 37. Rdxe5 dxe5 38. Qxe5 Rh6 39. Qg5+ Rg6 40. Qd5+ Kg7 41. Rxe7+ Kh6 42. Qd4 a4 43. Qe3 Qb2 44. f5+ Rg5 45. Qe6+ Kh5 46. Rxh7+ Kg4 47. Be2+ Kf4 48. Rh4+ 1-0

[Event "Titled Tuesday intern op 01st June"]
[Site "Chess.com INT"]
[Date "2021.06.01"]
[Round "5"]
[White "Andreev, Eduard"]
[Black "Soto Vega, Jorge"]
[Result "0-1"]
[WhiteElo "2422"]
[BlackElo "2363"]
[PlyCount "38"]
[EventDate "2021.06.01"]
[EventType "swiss (blitz)"]
[EventRounds "11"]
[EventCountry "USA"]
[SourceTitle "CBM 202 Extra"]
[Source "ChessBase"]
[SourceDate "2021.07.31"]
[SourceVersion "1"]
[SourceVersionDate "2021.07.31"]
[SourceQuality "1"]

1. e4 d5 2. exd5 Qxd5 3. Nc3 Qa5 4. d4 Nf6 5. Nf3 c6 6. Bc4 Bg4 7. h3 Bh5 8. g4 Bg6 9. Ne5 Nbd7 10. Qe2 Nxe5 11. dxe5 Ne4 12. 0-0 Nxc3 13. bxc3 e6 14. f4 Qxc3 15. f5 Qxa1 16. fxg6 hxg6 17. Be3 Qxe5 18. Qf2 0-0-0 19. Bxa7 Rxh3 0-1

[Event "Titled Tuesday intern op 01st June"]
[Site "Chess.com INT"]
[Date "2021.06.01"]
[Round "3"]
[White "Bethke, Richard"]
[Black "Soto Vega, Jorge"]
[Result "0-1"]
[WhiteElo "2332"]
[BlackElo "2363"]
[PlyCount "58"]
[EventDate "2021.06.01"]
[EventType "swiss (blitz)"]
[EventRounds "11"]
[EventCountry "USA"]
[SourceTitle "CBM 202 Extra"]
[Source "ChessBase"]
[SourceDate "2021.07.31"]
[SourceVersion "1"]
[SourceVersionDate "2021.07.31"]
[SourceQuality "1"]

1. e4 d5 2. exd5 Qxd5 3. Nc3 Qa5 4. Bc4 Nf6 5. d3 c6 6. Bd2 Bg4 7. f3 Bh5 8. Qe2 Qb6 9. Nh3 Nbd7 10. Nf4 Bg6 11. h4 0-0-0 12. h5 e5 13. hxg6 exf4 14. gxf7 Qxb2 15. Rb1 Qa3 16. Rb3 Qd6 17. Ne4 Nxe4 18. dxe4 Qf6 19. Bc3 Qg5 20. 0-0 Bc5+ 21. Rf2 Ne5 22. Be6+ Kb8 23. Kf1 Rd6 24. Bc4 Bxf2 25. Kxf2 Qg3+ 26. Kf1 Nxc4 27. Qxc4 Rd1+ 28. Ke2 Rhd8 29. Bd4 Qe1# 0-1

[Event "Titled Tuesday intern op 01st June"]
[Site "Chess.com INT"]
[Date "2021.06.01"]
[Round "6"]
[White "Nagy, Gabor"]
[Black "Soto Vega, Jorge"]
[Result "1-0"]
[WhiteElo "2518"]
[BlackElo "2363"]
[PlyCount "117"]
[EventDate "2021.06.01"]
[EventType "swiss (blitz)"]
[EventRounds "11"]
[EventCountry "USA"]
[SourceTitle "CBM 202 Extra"]
[Source "ChessBase"]
[SourceDate "2021.07.31"]
[SourceVersion "1"]
[SourceVersionDate "2021.07.31"]
[SourceQuality "1"]

1. e4 d5 2. exd5 Qxd5 3. Nc3 Qa5 4. Bc4 Nf6 5. d4 c6 6. Bd2 Qb6 7. Nf3 Qxb2 8. Rb1 Qa3 9. Ne5 e6 10. 0-0 Be7 11. Rb3 Qd6 12. Bf4 Qd8 13. Re1 0-0 14. Ne4 Nd5 15. Bc1 Nd7 16. Rg3 Bh4 17. Rh3 g6 18. Bh6 Be7 19. Bxf8 Nxf8 20. Qf3 f6 21. Ng4 Kg7 22. Nc5 b6 23. Nd3 h5 24. Ne3 Nh7 25. Rg3 Ng5 26. Rxg5 fxg5 27. Ne5 Qf8 28. Qxf8+ Bxf8 29. Nxc6 Nc7 30. Ne5 Bb4 31. Rd1 Bb7 32. Bd3 Rd8 33. Bxg6 Bc3 34. Bxh5 Rxd4 35. Rxd4 Bxd4 36. Bf3 Nd5 37. Nxd5 Bxe5 38. Nb4 Bxf3 39. gxf3 Bc3 40. Nd3 Kf6 41. f4 g4 42. Kg2 Kf5 43. f3 b5 44. Nf2 gxf3+ 45. Kxf3 Bd2 46. Nd3 Bc3 47. h3 a5 48. h4 Bf6 49. h5 Bg7 50. Ne1 Bc3 51. Ng2 Bg7 52. Ne3+ Kf6 53. Ke4 Bf8 54. Ng4+ Ke7 55. f5 exf5+ 56. Kxf5 Kf7 57. h6 b4 58. Ne5+ Kg8 59. Kg6 1-0

[Event "Titled Tuesday intern op 01st June"]
[Site "Chess.com INT"]
[Date "2021.06.01"]
[Round "10"]
[White "Samsonkin, Artiom"]
[Black "Soto Vega, Jorge"]
[Result "1-0"]
[WhiteElo "2428"]
[BlackElo "2363"]
[PlyCount "73"]
[EventDate "2021.06.01"]
[EventType "swiss (blitz)"]
[EventRounds "11"]
[EventCountry "USA"]
[SourceTitle "CBM 202 Extra"]
[Source "ChessBase"]
[SourceDate "2021.07.31"]
[SourceVersion "1"]
[SourceVersionDate "2021.07.31"]
[SourceQuality "1"]

1. e4 d5 2. exd5 Qxd5 3. Nf3 Nf6 4. Be2 c6 5. 0-0 Bg4 6. h3 Bh5 7. c4 Qa5 8. Nc3 Nbd7 9. d4 e6 10. Qb3 Qb6 11. Be3 Qxb3 12. axb3 a6 13. g4 Bg6 14. Nd2 Be7 15. f4 0-0 16. d5 cxd5 17. cxd5 Bc5 18. Bxc5 Nxc5 19. b4 Nce4 20. Ndxe4 Nxe4 21. f5 exf5 22. gxf5 Ng3 23. fxg6 Nxf1 24. gxh7+ Kxh7 25. Rxf1 Rae8 26. Kf2 Re5 27. Rd1 Rd8 28. Bf3 Rd6 29. Ne4 Rb6 30. Nc5 Re8 31. d6 Rd8 32. d7 Rxb4 33. Nxb7 Rxb2+ 34. Kg3 Rxb7 35. Bxb7 Kg6 36. Bc6 f6 37. Re1 1-0

[Event "Titled Tuesday intern op 29th Dec"]
[Site "Chess.com INT"]
[Date "2020.12.29"]
[Round "10"]
[White "Isha, Sharma"]
[Black "Soto Vega, Jorge"]
[Result "0-1"]
[WhiteElo "2276"]
[BlackElo "2363"]
[PlyCount "68"]
[EventDate "2020.12.29"]
[EventType "swiss (blitz)"]
[EventRounds "11"]
[EventCountry "USA"]
[SourceTitle "CBM 200 Extra"]
[Source "ChessBase"]
[SourceDate "2021.03.31"]
[SourceVersion "1"]
[SourceVersionDate "2021.03.31"]
[SourceQuality "1"]

1. e4 d5 2. exd5 Qxd5 3. Nc3 Qa5 4. d4 c6 5. Bc4 Nf6 6. Bd2 Qb6 7. Nf3 Qxb2 8. Rb1 Qa3 9. 0-0 e6 10. Re1 Be7 11. Qe2 0-0 12. Qd3 Nbd7 13. Bf4 b5 14. Bb3 a5 15. d5 Nc5 16. Qd2 b4 17. Ne2 cxd5 18. Ned4 Nce4 19. Rxe4 Nxe4 20. Qe3 Bc5 21. Qe1 a4 22. Bc1 axb3 23. Bxa3 bxa2 24. Ra1 Rxa3 25. Qc1 Bd7 26. Qb2 Rfa8 27. Ne5 Be8 28. Nd3 Bf8 29. Nxb4 R3a4 30. Nd3 g6 31. c3 Bg7 32. Nc1 Nxc3 33. Qxc3 Bxd4 34. Qc2 Bxa1 0-1

[Event "Titled Tuesday intern op 29th Dec"]
[Site "Chess.com INT"]
[Date "2020.12.29"]
[Round "6"]
[White "Kobo, Ori"]
[Black "Soto Vega, Jorge"]
[Result "1-0"]
[WhiteElo "2460"]
[BlackElo "2363"]
[PlyCount "67"]
[EventDate "2020.12.29"]
[EventType "swiss (blitz)"]
[EventRounds "11"]
[EventCountry "USA"]
[SourceTitle "CBM 200 Extra"]
[Source "ChessBase"]
[SourceDate "2021.03.31"]
[SourceVersion "1"]
[SourceVersionDate "2021.03.31"]
[SourceQuality "1"]

1. d4 Nf6 2. c4 c5 3. d5 b5 4. Nf3 g6 5. cxb5 a6 6. b6 Bg7 7. Nc3 0-0 8. e4 d6 9. a4 a5 10. Bb5 Nbd7 11. 0-0 Nxb6 12. h3 e6 13. Bc6 Rb8 14. dxe6 Bxe6 15. Bf4 Rc8 16. Bb7 Rc7 17. Ba6 Ra7 18. Be2 d5 19. Nb5 Rd7 20. Ne5 Nxe4 21. Nxd7 Qxd7 22. Qc1 c4 23. Be3 Nxa4 24. Nd4 Nec5 25. Qc2 Rb8 26. Ra2 Nb3 27. Rd1 Nac5 28. Nxe6 Qxe6 29. Bxc5 Nxc5 30. Rxa5 Nb3 31. Raxd5 Bf6 32. Bg4 Qe8 33. Qxc4 Kg7 34. Rd7 1-0

[Event "Titled Tuesday intern op 29th Dec"]
[Site "Chess.com INT"]
[Date "2020.12.29"]
[Round "2"]
[White "Soto Vega, Jorge"]
[Black "Klekowski, Maciej"]
[Result "0-1"]
[WhiteElo "2363"]
[BlackElo "2510"]
[PlyCount "128"]
[EventDate "2020.12.29"]
[EventType "swiss (blitz)"]
[EventRounds "11"]
[EventCountry "USA"]
[SourceTitle "CBM 200 Extra"]
[Source "ChessBase"]
[SourceDate "2021.03.31"]
[SourceVersion "1"]
[SourceVersionDate "2021.03.31"]
[SourceQuality "1"]

1. e4 c5 2. Nf3 Nc6 3. Bb5 Qb6 4. Nc3 e6 5. 0-0 Nge7 6. Re1 Nd4 7. Bc4 g6 8. d3 Bg7 9. a4 0-0 10. e5 d5 11. exd6 Nef5 12. a5 Qxd6 13. Ne4 Qc7 14. c3 Nc6 15. Qa4 Ne5 16. Nxe5 Bxe5 17. h3 Bd7 18. Qa3 Rac8 19. Bg5 Kg7 20. g4 Nd6 21. Be7 Rfe8 22. Bxd6 Bxd6 23. Nxd6 Qxd6 24. Re3 Qf4 25. Rae1 h5 26. Re4 Qf6 27. gxh5 Rh8 28. Re5 Rxh5 29. Rxh5 gxh5 30. Re3 h4 31. Kf1 Qg5 32. Ke1 Bc6 33. Qb3 Rd8 34. Bb5 Qg1+ 35. Ke2 Bg2 36. Qc4 Bf1+ 37. Kf3 Qg2+ 38. Kf4 Rd5 39. Qe4 Qg5+ 40. Kf3 Bg2+ 41. Ke2 Bxe4 42. dxe4 Rd8 43. Bc4 Qf4 44. b3 Kf6 45. b4 Ke5 46. b5 b6 47. a6 Rg8 48. Bd3 Rg2 49. Rf3 Rh2 50. Rxf4 Kxf4 51. e5 Kxe5 52. Ke3 Rxh3+ 53. f3 Rg3 54. Bf1 f5 55. Kf2 f4 56. Bg2 h3 57. Bh1 Kd5 58. c4+ Kxc4 59. Bg2 Kxb5 60. Bxh3 Kxa6 61. Bxe6 Kb5 62. Bc4+ Kxc4 63. Ke2 Kc3 64. Kf2 Kd2 0-1